¿Son dignas se conservarse las humanidades? / (Record no. 180137)
[ view plain ]
| 000 -LEADER | |
|---|---|
| campo de control de longitud fija | 00875nam a2200229 i 4500 |
| 001 - NÚMERO DE CONTROL | |
| campo de control | 180137 |
| 003 - IDENTIFICADOR DE NÚMERO DE CONTROL | |
| campo de control | ES-MaACL |
| 005 - FECHA Y HORA DE LA ÚLTIMA TRANSACCIÓN | |
| campo de control | 20251220171943.0 |
| 008 - DATOS DE LONGITUD FIJA--INFORMACIÓN GENERAL | |
| campo de control de longitud fija | 120423s1956 mx |||| | spa d |
| 080 ## - NÚMERO DE LA CLASIFICACIÓN DECIMAL UNIVERSAL | |
| Número de la Clasificación Decimal Universal | 009"19" |
| 100 1# - ENTRADA PRINCIPAL--NOMBRE DE PERSONA | |
| Nombre de persona | Krutch, Joseph Wood. |
| 9 (RLIN) | 68925 |
| 245 11 - MENCIÓN DEL TÍTULO | |
| Título | ¿Son dignas se conservarse las humanidades? / |
| Mención de responsabilidad, etc. | Joseph Wood Krutch. |
| 260 ## - PUBLICACIÓN, DISTRIBUCIÓN, ETC. | |
| Lugar de publicación, distribución, etc. | México : |
| Nombre del editor, distribuidor, etc. | Universidad Nacional de México, |
| Fecha de publicación, distribución, etc. | 1956. |
| 300 ## - DESCRIPCIÓN FÍSICA | |
| Extensión | 8 p. ; |
| Dimensiones | 22 cm. |
| 490 1# - MENCIÓN DE SERIE | |
| Mención de serie | Seminario de Problemas Científicos y Filosóficos. Suplementos ; |
| Designación de volumen o secuencia | 3 |
| 595 ## - | |
| -- | Publ. en: The Saturday Review, Jun. 4, p. 22-24 ; Jun. 11, p. 22-23 (1955) |
| 650 04 - PUNTO DE ACCESO ADICIONAL DE MATERIA--TÉRMINO DE MATERIA | |
| Término de materia o nombre geográfico como elemento de entrada | Humanidades- |
| Subdivisión cronológica | S.XX. |
| 9 (RLIN) | 13501 |
| 710 2# - ENTRADA AGREGADA--NOMBRE DE ENTIDAD CORPORATIVA | |
| Nombre de entidad corporativa o nombre de jurisdicción como elemento de entrada | Universidad Nacional Autónoma de México. |
| 9 (RLIN) | 7397 |
| 830 0# - PUNTO DE ACCESO ADICIONAL DE SERIE-TÍTULO UNIFORME | |
| Título uniforme | Seminario de Problemas Científicos y Filosóficos. Suplementos |
| Designación de volumen o secuencia | 3 |
| 9 (RLIN) | 190619 |
| 852 ## - LOCALIZACIÓN | |
| Ubicación | ES-MaACL |
| Número de control de estantería | 2297-F-2 |
| Estatus retirado | Estado de pérdida | Estado de daño | No para préstamo | Colección | Biblioteca de origen | Biblioteca actual | Ubicación en estantería | Fecha de adquisición | Fuente de adquisición | Total de préstamos | Signatura topográfica completa | Código de barras | Visto por última vez | Precio de reemplazo | Tipo de ítem Koha |
|---|---|---|---|---|---|---|---|---|---|---|---|---|---|---|---|
| Colección de folletos | Biblioteca del Ateneo de Madrid | Biblioteca del Ateneo de Madrid | Depósito folletos | 23/04/2012 | 2297-F-2 | 1189274 | 23/02/2023 | 23/02/2023 | Folleto |
